[Event "Wl. Schmidt mem."]
[Site "Poznan POL"]
[Date "2024.07.23"]
[Round "4.4"]
[White "Tomczak, Jacek"]
[Black "Golubka, Petro"]
[Result "1/2-1/2"]
[WhiteElo "2590"]
[BlackElo "2394"]
[WhiteFideId "-1"]
[BlackFideId "-1"]
[PlyCount "79"]
[GameId "2130307541297757"]
[EventDate "2024.07.20"]
[EventType "tourn"]
[EventRounds "9"]
[EventCountry "POL"]
[EventCategory "7"]
[SourceTitle "10 Days #766"]
[Source "ChessMix"]
[SourceDate "2024.08.01"]
[SourceVersion "1"]
[SourceVersionDate "2024.08.01"]
[SourceQuality "1"]

1. e4 e6 2. d4 d5 3. Nc3 Nf6 4. Bg5 dxe4 5. Nxe4 Be7 6. Bxf6 gxf6 7. Qd2 f5 8. Nc3 c6 9. f4 Nd7 10. Nf3 b6 11. O-O-O Bb7 12. Qe3 Qc7 13. Bc4 O-O-O 14. Kb1 Kb8 15. Rhe1 h6 16. g3 Rdg8 17. Qd3 Rd8 18. Qf1 Bb4 19. Re3 Nf6 20. Ne5 h5 21. h4 Bxc3 22. Rxc3 Ne4 23. Re3 f6 24. Nd3 Rxd4 25. Bxe6 Bc8 26. Bxc8 Kxc8 27. c3 Rd6 28. Nb4 Rhd8 29. Rxd6 Rxd6 30. Kc1 c5 31. Nc2 Qd7 32. Qf3 Rd2 33. Qxh5 Rxc2+ 34. Kxc2 Qd2+ 35. Kb1 Qxe3 36. Qe8+ Kc7 37. Qe7+ Kc6 38. Qe6+ Kb7 39. Qd7+ Ka6 40. Qa4+ 1/2-1/2

[Event "Wl. Schmidt mem."]
[Site "Poznan POL"]
[Date "2024.07.24"]
[Round "5.2"]
[White "Golubka, Petro"]
[Black "Poltorak, Sebastian"]
[Result "1-0"]
[WhiteElo "2394"]
[BlackElo "2391"]
[WhiteFideId "-1"]
[BlackFideId "-1"]
[PlyCount "115"]
[GameId "2130307541297760"]
[EventDate "2024.07.20"]
[EventType "tourn"]
[EventRounds "9"]
[EventCountry "POL"]
[EventCategory "7"]
[SourceTitle "10 Days #766"]
[Source "ChessMix"]
[SourceDate "2024.08.01"]
[SourceVersion "1"]
[SourceVersionDate "2024.08.01"]
[SourceQuality "1"]

1. c4 Nf6 2. Nc3 d5 3. cxd5 Nxd5 4. Nf3 c5 5. g3 Nc6 6. Bg2 Nc7 7. a3 e5 8. b4 f6 9. b5 Nd4 10. a4 Be7 11. e3 Nf5 12. O-O O-O 13. d3 Rb8 14. Bb2 Be6 15. Qc2 Qd7 16. Rfd1 Nd6 17. Ba3 Nf5 18. d4 cxd4 19. Bxe7 Qxe7 20. exd4 exd4 21. Nxd4 Nxd4 22. Rxd4 Qc5 23. Qd2 Bf7 24. Rd1 Bb3 25. Ne4 Qe5 26. f4 Qh5 27. Rb1 Bd5 28. Rc1 Bxe4 29. Bxe4 Ne8 30. Rd7 f5 31. Rxb7 Rxb7 32. Bxb7 Nf6 33. Qd3 Qf7 34. Qc4 Rd8 35. Qxf7+ Kxf7 36. a5 Rd2 37. Ra1 Ne8 38. b6 axb6 39. a6 Nc7 40. a7 Rc2 41. Rb1 b5 42. a8=Q Nxa8 43. Bxa8 g6 44. Bg2 Kg7 45. Rxb5 Kh6 46. Bf3 Ra2 47. Rb7 Rd2 48. Re7 Rb2 49. Re2 Rb3 50. Kg2 Rd3 51. Kf2 Ra3 52. Rd2 Rb3 53. h3 Rb4 54. Rd7 Rc4 55. Be2 Rb4 56. Kf3 Rb3+ 57. Bd3 Ra3 58. g4 1-0

[Event "Wl. Schmidt mem."]
[Site "Poznan POL"]
[Date "2024.07.25"]
[Round "6.5"]
[White "Gajek, Radoslaw"]
[Black "Golubka, Petro"]
[Result "1/2-1/2"]
[WhiteElo "2462"]
[BlackElo "2394"]
[WhiteFideId "-1"]
[BlackFideId "-1"]
[PlyCount "71"]
[GameId "2130307541297768"]
[EventDate "2024.07.20"]
[EventType "tourn"]
[EventRounds "9"]
[EventCountry "POL"]
[EventCategory "7"]
[SourceTitle "10 Days #766"]
[Source "ChessMix"]
[SourceDate "2024.08.01"]
[SourceVersion "1"]
[SourceVersionDate "2024.08.01"]
[SourceQuality "1"]

1. d4 Nf6 2. Bf4 b6 3. e3 Bb7 4. h3 g6 5. Nf3 Bg7 6. Be2 d6 7. O-O O-O 8. c3 Nbd7 9. a4 a6 10. Na3 Qe8 11. Bh2 e5 12. b4 Ne4 13. Qc2 Qe7 14. a5 b5 15. Rad1 c5 16. bxc5 dxc5 17. d5 Nxc3 18. Qxc3 e4 19. Qc2 exf3 20. Bxf3 Ne5 21. Be4 Qd6 22. f4 Nd7 23. f5 Be5 24. Bf4 c4 25. Nb1 Rae8 26. Nc3 Nc5 27. Bh6 Bg7 28. Bxg7 Kxg7 29. Rf4 Qe5 30. Rd4 Nb3 31. Qf2 f6 32. fxg6 hxg6 33. Bxg6 Qxe3 34. Bxe8 Qxf2+ 35. Kxf2 Nxd4 36. Rg4+ 1/2-1/2

[Event "Wl. Schmidt mem."]
[Site "Poznan POL"]
[Date "2024.07.26"]
[Round "7.1"]
[White "Golubka, Petro"]
[Black "Cieslak, Patryk"]
[Result "1/2-1/2"]
[WhiteElo "2394"]
[BlackElo "2380"]
[WhiteFideId "-1"]
[BlackFideId "-1"]
[PlyCount "71"]
[GameId "2130307541297769"]
[EventDate "2024.07.20"]
[EventType "tourn"]
[EventRounds "9"]
[EventCountry "POL"]
[EventCategory "7"]
[SourceTitle "10 Days #766"]
[Source "ChessMix"]
[SourceDate "2024.08.01"]
[SourceVersion "1"]
[SourceVersionDate "2024.08.01"]
[SourceQuality "1"]

1. c4 e5 2. d3 Nf6 3. Nf3 Nc6 4. e3 d5 5. cxd5 Nxd5 6. Nc3 Be6 7. Be2 Be7 8. a3 O-O 9. O-O Kh8 10. Bd2 a5 11. Qc2 Nb6 12. b3 f5 13. Na4 Nxa4 14. bxa4 Bd6 15. Rfb1 Rb8 16. Rb5 Bd7 17. Bc3 Qe7 18. Qb2 Rfe8 19. h4 h6 20. h5 e4 21. dxe4 fxe4 22. Nd2 Rf8 23. g3 Rf7 24. Qc2 Ne5 25. Qxe4 Bxb5 26. axb5 b6 27. Kg2 Rd8 28. Nb3 Nd7 29. Qxe7 Bxe7 30. Nd4 Bf6 31. Bc4 Rff8 32. Rc1 Nc5 33. Rc2 Rd7 34. f4 Re8 35. Kf3 Ne4 36. Bb2 1/2-1/2

[Event "Wl. Schmidt mem."]
[Site "Poznan POL"]
[Date "2024.07.27"]
[Round "8.5"]
[White "Golubka, Petro"]
[Black "Polzin, Rainer"]
[Result "1-0"]
[WhiteElo "2394"]
[BlackElo "2407"]
[WhiteFideId "-1"]
[BlackFideId "-1"]
[PlyCount "91"]
[GameId "2130307541301874"]
[EventDate "2024.07.20"]
[EventType "tourn"]
[EventRounds "9"]
[EventCountry "POL"]
[EventCategory "7"]
[SourceTitle "10 Days #766"]
[Source "ChessMix"]
[SourceDate "2024.08.01"]
[SourceVersion "1"]
[SourceVersionDate "2024.08.01"]
[SourceQuality "1"]

1. d4 Nf6 2. c4 g6 3. Nc3 Bg7 4. e4 d6 5. Be2 O-O 6. Nf3 e5 7. O-O Nc6 8. d5 Ne7 9. b4 Ne8 10. a4 f5 11. a5 Nf6 12. Nd2 f4 13. c5 g5 14. a6 b6 15. f3 Ng6 16. Nc4 Rf7 17. c6 h5 18. Kf2 g4 19. Ke1 Bh6 20. Kd2 Rg7 21. Kc2 Kh7 22. Bd2 Nh4 23. Rg1 gxf3 24. gxf3 Ng2 25. Kb3 h4 26. Bf1 h3 27. Qe2 Qg8 28. Nb5 Ne8 29. Qf2 Rg5 30. Ra2 Qg6 31. Bc1 Qg7 32. Nc3 Qg6 33. Ne2 b5 34. Na3 Bxa6 35. Nc3 Ne3 36. Rxg5 Bxg5 37. Bxh3 Qh5 38. Bd7 Nf6 39. Be6 Rb8 40. Nc2 Nxc2 41. Kxc2 Rb6 42. Bd2 Bh4 43. Qg2 Kh6 44. Ra1 Qg5 45. Qh3 Kg6 46. Ne2 1-0

[Event "Wl. Schmidt mem."]
[Site "Poznan POL"]
[Date "2024.07.28"]
[Round "9.2"]
[White "Schmidek, Emil"]
[Black "Golubka, Petro"]
[Result "1/2-1/2"]
[WhiteElo "2433"]
[BlackElo "2394"]
[WhiteFideId "-1"]
[BlackFideId "-1"]
[PlyCount "124"]
[GameId "2130307541301876"]
[EventDate "2024.07.20"]
[EventType "tourn"]
[EventRounds "9"]
[EventCountry "POL"]
[EventCategory "7"]
[SourceTitle "10 Days #766"]
[Source "ChessMix"]
[SourceDate "2024.08.01"]
[SourceVersion "1"]
[SourceVersionDate "2024.08.01"]
[SourceQuality "1"]

1. d4 Nf6 2. c4 e6 3. Nc3 Bb4 4. e3 O-O 5. Bd3 Re8 6. Nge2 d5 7. O-O Nbd7 8. cxd5 exd5 9. Qb3 Bd6 10. Nxd5 Nxd5 11. Qxd5 Nc5 12. Bxh7+ Kxh7 13. Qh5+ Kg8 14. dxc5 Re5 15. Qf3 Rf5 16. Nf4 Rxc5 17. Rd1 Qg5 18. h3 Bd7 19. Nd3 Rc4 20. e4 Qg6 21. e5 Bc6 22. Qg3 Qxg3 23. fxg3 Be7 24. Bd2 Rc2 25. Rac1 Rxc1 26. Bxc1 Rd8 27. Nf2 Rd5 28. Rxd5 Bxd5 29. b3 a5 30. Nd1 b5 31. Kf2 c5 32. Ne3 Be4 33. a3 f5 34. g4 fxg4 35. hxg4 Bg5 36. Bd2 b4 37. axb4 cxb4 38. Nc4 Bd8 39. e6 Kf8 40. e7+ Bxe7 41. Nxa5 Bd5 42. Ke3 Bxg2 43. Kd4 g5 44. Nc4 Kf7 45. Ne3 Bf3 46. Nd5 Bd8 47. Nxb4 Bxg4 48. Nc6 Bf6+ 49. Ne5+ Ke6 50. Bxg5 Bxe5+ 51. Kc5 Be2 52. Kb4 Kd5 53. Ka3 Bd1 54. Bc1 Ke4 55. Bb2 Bd6+ 56. Ka2 Kd3 57. Ka1 Kc2 58. Bh8 Bf3 59. b4 Bxb4 60. Bg7 Bd5 61. Bh8 Bc3+ 62. Bxc3 Kxc3 1/2-1/2

[Event "Valencia Cuna op 5th"]
[Site "Valencia"]
[Date "2024.07.09"]
[Round "4"]
[White "Ibanez Aullana, Jose Ramon"]
[Black "Golubka, Petro"]
[Result "1-0"]
[WhiteElo "2271"]
[BlackElo "2394"]
[WhiteFideId "-1"]
[BlackFideId "-1"]
[PlyCount "81"]
[GameId "2067761337868288"]
[EventDate "2024.07.06"]
[EventType "swiss"]
[EventRounds "9"]
[EventCountry "ESP"]
[SourceTitle "CBM 221 Extra"]
[Source "ChessBase"]
[SourceDate "2024.09.30"]
[SourceVersion "1"]
[SourceVersionDate "2024.09.30"]
[SourceQuality "1"]

1. d4 Nf6 2. c4 e6 3. Nf3 b6 4. g3 Bb7 5. Bg2 Bb4+ 6. Bd2 a5 7. O-O O-O 8. Bg5 Be7 9. Nc3 Na6 10. Qc2 d5 11. a3 h6 12. Bxf6 Bxf6 13. Rad1 c6 14. h4 Qc7 15. e3 Rfc8 16. Nh2 Qd8 17. Ng4 dxc4 18. Nxf6+ Qxf6 19. f4 Re8 20. e4 Rad8 21. e5 Qe7 22. Qf2 c5 23. d5 exd5 24. Bxd5 b5 25. Qf3 Bxd5 26. Nxd5 Qe6 27. Rfe1 Qc8 28. f5 Nb8 29. f6 Nc6 30. fxg7 Nxe5 31. Nf6+ Kxg7 32. Nh5+ Kg6 33. Qf6+ Kxh5 34. Rxd8 Qe6 35. Rxe5+ Qxe5 36. Qxf7+ Kg4 37. Rxe8 Qxg3+ 38. Kf1 Qd3+ 39. Re2 Qd1+ 40. Kf2 Qd4+ 41. Kg2 1-0

[Event "Voivoda Cup"]
[Site "Legnica POL"]
[Date "2024.05.29"]
[Round "1.2"]
[White "Skawinski, Arkadiusz"]
[Black "Golubka, Petro"]
[Result "1-0"]
[WhiteElo "2347"]
[BlackElo "2391"]
[WhiteFideId "-1"]
[BlackFideId "-1"]
[PlyCount "119"]
[GameId "2130307543705214"]
[EventDate "2024.05.29"]
[EventType "tourn"]
[EventRounds "9"]
[EventCountry "POL"]
[EventCategory "6"]
[SourceTitle "10 Days #761"]
[Source "ChessMix"]
[SourceDate "2024.06.10"]
[SourceVersion "1"]
[SourceVersionDate "2024.06.10"]
[SourceQuality "1"]

1. e4 e6 2. d4 d5 3. e5 c5 4. c3 Nc6 5. Nf3 Bd7 6. Be2 Rc8 7. O-O h6 8. Na3 cxd4 9. cxd4 Bxa3 10. bxa3 Nge7 11. Rb1 Na5 12. Bd2 Nec6 13. Bb5 O-O 14. Qa4 Nc4 15. Bxc6 Bxc6 16. Qxa7 b6 17. Bb4 Re8 18. Bd6 Ra8 19. Qc7 Qxc7 20. Bxc7 b5 21. Rb3 Nxa3 22. Rc1 Bd7 23. Bd6 Nc4 24. a3 Nxd6 25. exd6 Ra6 26. Ne5 Rxd6 27. Rc7 Rd8 28. Nxd7 R8xd7 29. Rxd7 Rxd7 30. Rxb5 Ra7 31. Rb3 Ra4 32. Rd3 Rc4 33. g3 g5 34. Kg2 g4 35. h3 h5 36. hxg4 hxg4 37. Rd2 Kf8 38. Kf1 Rc3 39. Ra2 Rd3 40. a4 Rxd4 41. a5 Rc4 42. a6 Rc8 43. Ke2 Ke7 44. Ke3 Kd6 45. Kf4 Ra8 46. Kxg4 Kc6 47. Kg5 Kb6 48. Kf6 Rxa6 49. Rb2+ Kc5 50. Kxf7 e5 51. g4 d4 52. g5 d3 53. g6 Ra7+ 54. Kf6 e4 55. g7 Ra8 56. Rb7 Kc6 57. Ra7 Rd8 58. Ke7 Rc8 59. Ra5 Rb8 60. Rg5 1-0

[Event "Voivoda Cup"]
[Site "Legnica POL"]
[Date "2024.05.30"]
[Round "2.4"]
[White "Golubka, Petro"]
[Black "Mikes, Jan"]
[Result "1-0"]
[WhiteElo "2391"]
[BlackElo "2356"]
[WhiteFideId "-1"]
[BlackFideId "-1"]
[PlyCount "73"]
[GameId "2130307543705221"]
[EventDate "2024.05.29"]
[EventType "tourn"]
[EventRounds "9"]
[EventCountry "POL"]
[EventCategory "6"]
[SourceTitle "10 Days #761"]
[Source "ChessMix"]
[SourceDate "2024.06.10"]
[SourceVersion "1"]
[SourceVersionDate "2024.06.10"]
[SourceQuality "1"]

1. e4 c5 2. Nf3 Nc6 3. d4 cxd4 4. Nxd4 Nf6 5. Nc3 e6 6. Nxc6 bxc6 7. e5 Nd5 8. Ne4 Qc7 9. f4 Rb8 10. a3 Qa5+ 11. Bd2 Qb6 12. Bd3 Qxb2 13. O-O Qd4+ 14. Kh1 Ne3 15. Bxe3 Qxe3 16. Qg4 d5 17. Nd6+ Bxd6 18. Qxg7 Rf8 19. exd6 Qc5 20. f5 Qxd6 21. fxe6 Bxe6 22. Rae1 Kd7 23. h3 Rbe8 24. Qd4 Qc7 25. c4 Qb6 26. c5 Qc7 27. Bxh7 Qg3 28. Re3 Qg5 29. Re5 Qh6 30. Bf5 Re7 31. Rxd5+ cxd5 32. Qxd5+ Kc8 33. Qa8+ Kc7 34. Qxa7+ Kc8 35. Qxe7 Bxf5 36. Rxf5 Rd8 37. Qe4 1-0

[Event "Voivoda Cup"]
[Site "Legnica POL"]
[Date "2024.05.31"]
[Round "3.3"]
[White "Licznerski, Lukasz"]
[Black "Golubka, Petro"]
[Result "1/2-1/2"]
[WhiteElo "2418"]
[BlackElo "2391"]
[WhiteFideId "-1"]
[BlackFideId "-1"]
[PlyCount "44"]
[GameId "2130307543705225"]
[EventDate "2024.05.29"]
[EventType "tourn"]
[EventRounds "9"]
[EventCountry "POL"]
[EventCategory "6"]
[SourceTitle "10 Days #761"]
[Source "ChessMix"]
[SourceDate "2024.06.10"]
[SourceVersion "1"]
[SourceVersionDate "2024.06.10"]
[SourceQuality "1"]

1. e4 e6 2. d4 d5 3. Nd2 c5 4. Ngf3 cxd4 5. Nxd4 Nc6 6. Bb5 Bd7 7. Nxc6 bxc6 8. Bd3 Bd6 9. Qe2 e5 10. Nf3 d4 11. Nd2 Ne7 12. Nc4 Be6 13. Bd2 O-O 14. O-O-O Qd7 15. Kb1 c5 16. g3 Nc8 17. Rdg1 Nb6 18. f4 Bg4 19. Qf1 Bh3 20. Qe2 Bg4 21. Qf1 Bh3 22. Qe2 Bg4 1/2-1/2

[Event "Voivoda Cup"]
[Site "Legnica POL"]
[Date "2024.05.31"]
[Round "4.3"]
[White "Golubka, Petro"]
[Black "Brodowski, Piotr"]
[Result "1/2-1/2"]
[WhiteElo "2391"]
[BlackElo "2424"]
[WhiteFideId "-1"]
[BlackFideId "-1"]
[PlyCount "60"]
[GameId "2130307543705230"]
[EventDate "2024.05.29"]
[EventType "tourn"]
[EventRounds "9"]
[EventCountry "POL"]
[EventCategory "6"]
[SourceTitle "10 Days #761"]
[Source "ChessMix"]
[SourceDate "2024.06.10"]
[SourceVersion "1"]
[SourceVersionDate "2024.06.10"]
[SourceQuality "1"]

1. d4 Nf6 2. c4 e6 3. Nc3 Bb4 4. f3 c5 5. d5 b5 6. e4 d6 7. Bd2 a6 8. a4 Ba5 9. cxb5 exd5 10. Nxd5 Nxd5 11. exd5 O-O 12. Bd3 Nd7 13. Bxa5 Qxa5+ 14. Qd2 axb5 15. Qxa5 Rxa5 16. Bxb5 Nb6 17. Ne2 Nxd5 18. Kf2 Nc7 19. b4 cxb4 20. Nd4 Bb7 21. Rhb1 Nd5 22. Nf5 Rd8 23. Ne3 Rc8 24. Nxd5 Bxd5 25. Rxb4 Rc2+ 26. Kg3 g6 27. Rd1 Rc5 28. Kf4 Kf8 29. Ke3 Ke7 30. Rd2 Be6 1/2-1/2

[Event "Voivoda Cup"]
[Site "Legnica POL"]
[Date "2024.06.01"]
[Round "5.4"]
[White "Cyborowski, Lukasz"]
[Black "Golubka, Petro"]
[Result "1/2-1/2"]
[WhiteElo "2479"]
[BlackElo "2391"]
[WhiteFideId "-1"]
[BlackFideId "-1"]
[PlyCount "64"]
[GameId "2130307543709332"]
[EventDate "2024.05.29"]
[EventType "tourn"]
[EventRounds "9"]
[EventCountry "POL"]
[EventCategory "6"]
[SourceTitle "10 Days #761"]
[Source "ChessMix"]
[SourceDate "2024.06.10"]
[SourceVersion "1"]
[SourceVersionDate "2024.06.10"]
[SourceQuality "1"]

1. d4 d5 2. Nf3 e6 3. c4 a6 4. Nbd2 Nf6 5. g3 c5 6. cxd5 exd5 7. Bg2 Nc6 8. O-O Be6 9. dxc5 Bxc5 10. Nb3 Bb6 11. Nfd4 O-O 12. Be3 Re8 13. Nxc6 bxc6 14. Bxb6 Qxb6 15. Qc2 Bg4 16. e3 a5 17. Rac1 Reb8 18. h3 Bd7 19. Nc5 Be8 20. b3 Qb4 21. Rfd1 Qa3 22. e4 dxe4 23. Nxe4 Nxe4 24. Bxe4 h6 25. Rd4 a4 26. Rxa4 Rxa4 27. bxa4 Rb2 28. Qc5 Qxc5 29. Rxc5 Rxa2 30. Bxc6 Ra1+ 31. Kg2 Bxc6+ 32. Rxc6 Rxa4 1/2-1/2

[Event "Voivoda Cup"]
[Site "Legnica POL"]
[Date "2024.06.02"]
[Round "7.5"]
[White "Kraus, Tomas"]
[Black "Golubka, Petro"]
[Result "1/2-1/2"]
[WhiteElo "2488"]
[BlackElo "2391"]
[WhiteFideId "-1"]
[BlackFideId "-1"]
[PlyCount "65"]
[GameId "2130307543709343"]
[EventDate "2024.05.29"]
[EventType "tourn"]
[EventRounds "9"]
[EventCountry "POL"]
[EventCategory "6"]
[SourceTitle "10 Days #761"]
[Source "ChessMix"]
[SourceDate "2024.06.10"]
[SourceVersion "1"]
[SourceVersionDate "2024.06.10"]
[SourceQuality "1"]

1. d4 d5 2. Nf3 Nf6 3. Bf4 Nh5 4. Bd2 g6 5. c4 dxc4 6. e3 Bg7 7. Bxc4 O-O 8. Nc3 Nd7 9. O-O c5 10. Bb3 e6 11. Rc1 Rb8 12. Ne4 b6 13. dxc5 Nxc5 14. Nxc5 bxc5 15. Rxc5 Ba6 16. Re1 Qb6 17. Rc1 Bxb2 18. Rc2 Bg7 19. Nd4 Rfc8 20. Bc3 Nf6 21. Nf3 Rxc3 22. Rxc3 Ne4 23. Rc2 Bc3 24. Ng5 Bxe1 25. Nxe4 Qa5 26. Nf6+ Kg7 27. Nd7 Rd8 28. Qd4+ e5 29. Qd6 Bb4 30. Qf6+ Kh6 31. Qh4+ Kg7 32. Qf6+ Kh6 33. Qh4+ 1/2-1/2

[Event "Voivoda Cup"]
[Site "Legnica POL"]
[Date "2024.06.03"]
[Round "8.1"]
[White "Kejna, Piotr"]
[Black "Golubka, Petro"]
[Result "0-1"]
[WhiteElo "2210"]
[BlackElo "2391"]
[WhiteFideId "-1"]
[BlackFideId "-1"]
[PlyCount "58"]
[GameId "2130307543709344"]
[EventDate "2024.05.29"]
[EventType "tourn"]
[EventRounds "9"]
[EventCountry "POL"]
[EventCategory "6"]
[SourceTitle "10 Days #761"]
[Source "ChessMix"]
[SourceDate "2024.06.10"]
[SourceVersion "1"]
[SourceVersionDate "2024.06.10"]
[SourceQuality "1"]

1. e4 e6 2. d4 d5 3. Nc3 Bb4 4. e5 c5 5. a3 Bxc3+ 6. bxc3 Ne7 7. h4 Qc7 8. Nf3 b6 9. h5 h6 10. Rh3 Ba6 11. Nh4 Bxf1 12. Kxf1 cxd4 13. cxd4 Qc4+ 14. Qd3 Nbc6 15. Qxc4 dxc4 16. c3 Nd5 17. a4 Na5 18. Rb1 Nb3 19. Rf3 b5 20. axb5 Rb8 21. Ke1 O-O 22. Kd1 Rxb5 23. Rb2 Rfb8 24. Ra2 Nxc1 25. Kxc1 a5 26. Ra1 a4 27. Rh3 Rb3 28. Kc2 Rb2+ 29. Kc1 Nf4 0-1

[Event "Voivoda Cup"]
[Site "Legnica POL"]
[Date "2024.06.04"]
[Round "9.5"]
[White "Golubka, Petro"]
[Black "Sabuk, Piotr"]
[Result "1/2-1/2"]
[WhiteElo "2391"]
[BlackElo "2406"]
[WhiteFideId "-1"]
[BlackFideId "-1"]
[PlyCount "62"]
[GameId "2130307543709353"]
[EventDate "2024.05.29"]
[EventType "tourn"]
[EventRounds "9"]
[EventCountry "POL"]
[EventCategory "6"]
[SourceTitle "10 Days #761"]
[Source "ChessMix"]
[SourceDate "2024.06.10"]
[SourceVersion "1"]
[SourceVersionDate "2024.06.10"]
[SourceQuality "1"]

1. e4 e5 2. Nf3 Nc6 3. Bb5 a6 4. Ba4 Bc5 5. c3 Nge7 6. O-O Ng6 7. d4 Ba7 8. Be3 O-O 9. Nbd2 exd4 10. cxd4 d5 11. Bxc6 bxc6 12. e5 f6 13. exf6 Qxf6 14. Rc1 Rb8 15. b3 Bf5 16. Re1 a5 17. Ne5 c5 18. Ndf3 Rbe8 19. Nxg6 Qxg6 20. Nh4 Qf6 21. Nxf5 Qxf5 22. dxc5 c6 23. b4 axb4 24. Qa4 d4 25. Bxd4 Rxe1+ 26. Rxe1 Bxc5 27. Qxc6 Bxd4 28. Qc4+ Qf7 29. Qxd4 Qxa2 30. h4 Qf7 31. Qxb4 Qxf2+ 1/2-1/2

[Event "Limburg op"]
[Site "Maastricht NED"]
[Date "2024.05.20"]
[Round "6.2"]
[White "Warmerdam, Max"]
[Black "Golubka, Petro"]
[Result "1-0"]
[WhiteElo "2652"]
[BlackElo "2391"]
[WhiteFideId "-1"]
[BlackFideId "-1"]
[PlyCount "111"]
[GameId "2130307544103020"]
[EventDate "2024.05.17"]
[EventType "swiss"]
[EventRounds "7"]
[EventCountry "NED"]
[SourceTitle "10 Days #760"]
[Source "ChessMix"]
[SourceDate "2024.06.01"]
[SourceVersion "1"]
[SourceVersionDate "2024.06.01"]
[SourceQuality "1"]

1. Nf3 e6 2. g3 g5 3. h3 Bg7 4. d4 h6 5. Bg2 d5 6. O-O Ne7 7. Nbd2 c5 8. dxc5 Na6 9. c4 Nxc5 10. Nb3 Nxb3 11. Qxb3 Qb6 12. Qa3 Qa6 13. Qxa6 bxa6 14. Rb1 Bb7 15. b3 dxc4 16. bxc4 Be4 17. Rb3 Nc6 18. Re3 f5 19. Ra3 a5 20. Nd2 Bxg2 21. Kxg2 Rb8 22. Rd1 Rb4 23. Nb3 a4 24. Nc5 Rxc4 25. Nxe6 Be5 26. f4 gxf4 27. Bxf4 Bxf4 28. Nxf4 Rh7 29. Rd5 Re7 30. Kf2 Rce4 31. Rxf5 Nd4 32. Ra5 Nxe2 33. R3xa4 Nxf4 34. Rxe4 Rxe4 35. Kf3 Rc4 36. gxf4 Kf7 37. Rxa7+ Kf6 38. Ra6+ Kf5 39. Ra5+ Kg6 40. a4 Kf6 41. Kg4 h5+ 42. Kg3 Rc3+ 43. Kh4 Rf3 44. Ra6+ Kf5 45. a5 Rxf4+ 46. Kxh5 Rc4 47. Ra8 Kf6 48. a6 Ra4 49. h4 Kg7 50. Kg5 Ra5+ 51. Kf4 Kh7 52. Ke4 Kg7 53. Kd4 Kh7 54. Kc4 Kg7 55. Kb4 Rf5 56. Rb8 1-0

[Event "100th Ann. Silesian Chess"]
[Site "Katowice POL"]
[Date "2024.04.27"]
[Round "1.15"]
[White "Golubka, Petro"]
[Black "Sliwicka, Weronika"]
[Result "1-0"]
[WhiteElo "2398"]
[BlackElo "1795"]
[WhiteFideId "-1"]
[BlackFideId "-1"]
[PlyCount "29"]
[GameId "2130307544768109"]
[EventDate "2024.04.27"]
[EventType "swiss (rapid)"]
[EventRounds "11"]
[EventCountry "POL"]
[SourceTitle "10 Days #758"]
[Source "ChessMix "]
[SourceDate "2024.05.10"]
[SourceVersion "1"]
[SourceVersionDate "2024.05.10"]
[SourceQuality "1"]

1. e4 c5 2. Nf3 e6 3. c3 Nc6 4. d4 cxd4 5. cxd4 d5 6. e5 Bb4+ 7. Nc3 Qb6 8. Bd3 Bd7 9. Be3 Rc8 10. O-O Bxc3 11. bxc3 Na5 12. Rb1 Qc7 13. Ng5 h6 14. Qh5 hxg5 15. Qxh8 1-0

[Event "100th Ann. Silesian Chess"]
[Site "Katowice POL"]
[Date "2024.04.27"]
[Round "2.16"]
[White "Zabawski, Grzegorz"]
[Black "Golubka, Petro"]
[Result "0-1"]
[WhiteElo "1984"]
[BlackElo "2398"]
[WhiteFideId "-1"]
[BlackFideId "-1"]
[PlyCount "56"]
[GameId "2130307544768144"]
[EventDate "2024.04.27"]
[EventType "swiss (rapid)"]
[EventRounds "11"]
[EventCountry "POL"]
[SourceTitle "10 Days #758"]
[Source "ChessMix "]
[SourceDate "2024.05.10"]
[SourceVersion "1"]
[SourceVersionDate "2024.05.10"]
[SourceQuality "1"]

1. e4 e6 2. d4 d5 3. exd5 exd5 4. Bd3 c5 5. c3 Nc6 6. Nf3 c4 7. Bc2 Bd6 8. h3 Nge7 9. Nbd2 O-O 10. Nf1 Bf5 11. Ne3 Bxc2 12. Qxc2 Qd7 13. O-O b5 14. b3 a6 15. Bd2 Rfe8 16. Rfe1 f6 17. Nh4 g6 18. Ng4 Kg7 19. Qc1 Ng8 20. Qc2 f5 21. Ne3 Nf6 22. bxc4 dxc4 23. a4 Ne4 24. axb5 axb5 25. Rxa8 Rxa8 26. Nexf5+ gxf5 27. Nxf5+ Qxf5 28. Rxe4 Ra1+ 0-1

[Event "100th Ann. Silesian Chess"]
[Site "Katowice POL"]
[Date "2024.04.27"]
[Round "3.14"]
[White "Golubka, Petro"]
[Black "Witczak, Borys"]
[Result "1-0"]
[WhiteElo "2398"]
[BlackElo "1963"]
[WhiteFideId "-1"]
[BlackFideId "-1"]
[PlyCount "121"]
[GameId "2130307544772274"]
[EventDate "2024.04.27"]
[EventType "swiss (rapid)"]
[EventRounds "11"]
[EventCountry "POL"]
[SourceTitle "10 Days #758"]
[Source "ChessMix "]
[SourceDate "2024.05.10"]
[SourceVersion "1"]
[SourceVersionDate "2024.05.10"]
[SourceQuality "1"]

1. e4 c6 2. d4 d5 3. e5 Bf5 4. Be3 e6 5. c4 dxc4 6. Bxc4 Nd7 7. Nc3 Nb6 8. Bb3 Ne7 9. Nge2 Ned5 10. O-O Be7 11. Ng3 Bg6 12. Qe2 h5 13. f4 h4 14. Nge4 Nxc3 15. Nxc3 Qd7 16. Rad1 Nd5 17. Nxd5 exd5 18. Bc2 Bf5 19. Bd3 g6 20. Qc2 Bxd3 21. Qxd3 Qf5 22. Qb3 Rb8 23. Bd2 h3 24. g3 Qe4 25. Rf3 O-O 26. Qd3 Qf5 27. a3 Kg7 28. Qe2 c5 29. Bc3 c4 30. Rf2 Qd7 31. g4 f5 32. g5 Rh8 33. e6 Qd6 34. Bb4 Qc7 35. Bxe7 Qxe7 36. Qe5+ Kg8 37. Qxd5 Rc8 38. Qe5 Rh4 39. Rf3 Rg4+ 40. Rg3 Rh4 41. d5 Qc5+ 42. Qd4 Qd6 43. Qe5 Qc5+ 44. Qe3 Qd6 45. Rd4 c3 46. bxc3 Qxa3 47. Rd1 Qb2 48. e7 Rg4 49. e8=Q+ Rxe8 50. Qxe8+ Kg7 51. Qe7+ Kg8 52. Qe6+ Kg7 53. Qf6+ Kh7 54. Qf7+ Kh8 55. Qf8+ Kh7 56. Qh6+ Kg8 57. Qxg6+ Kh8 58. Qh5+ Kg7 59. Qxh3 Rxf4 60. Rf1 Rxf1+ 61. Qxf1 1-0

[Event "100th Ann. Silesian Chess"]
[Site "Katowice POL"]
[Date "2024.04.27"]
[Round "4.15"]
[White "Czerw, Dawid"]
[Black "Golubka, Petro"]
[Result "0-1"]
[WhiteElo "2388"]
[BlackElo "2398"]
[WhiteFideId "-1"]
[BlackFideId "-1"]
[PlyCount "44"]
[GameId "2130307544772311"]
[EventDate "2024.04.27"]
[EventType "swiss (rapid)"]
[EventRounds "11"]
[EventCountry "POL"]
[SourceTitle "10 Days #758"]
[Source "ChessMix "]
[SourceDate "2024.05.10"]
[SourceVersion "1"]
[SourceVersionDate "2024.05.10"]
[SourceQuality "1"]

1. e4 e6 2. d4 d5 3. Nc3 Bb4 4. e5 b6 5. Qg4 Bf8 6. h4 h5 7. Qf3 c5 8. dxc5 bxc5 9. Bg5 Qb6 10. O-O-O Bd7 11. Nge2 Nc6 12. Ng3 Rb8 13. b3 c4 14. Nxh5 Nd4 15. Rxd4 Qxd4 16. Bxc4 Rxh5 17. Rd1 Ba3+ 18. Kb1 Qxc4 19. Ka1 Qc7 20. Kb1 Rxg5 21. hxg5 Qxe5 22. Qd3 Rc8 0-1